| 000 | 01016nam a2200265 i 4500 | ||
|---|---|---|---|
| 003 | DO-SdBNP | ||
| 005 | 20250224125414.0 | ||
| 007 | ta | ||
| 008 | 250224b2012 dr ||||| |||| 00| 0 spa d | ||
| 040 |
_aDO-SdBNPH _bspa _cBNPHU _erda |
||
| 082 | 4 |
_axxx _bxxx _222 |
|
| 240 | _aleyes y decretos | ||
| 245 | 0 | 0 |
_aCódigo de procedimiento civil de la República Domincana : _bdecreto Núm. 2214 de fecha 17 de abril de 1884 / _cedición, Sergio Ortiz |
| 264 | 1 |
_aSanto Domingo : _beditor no identificado, _c2012. |
|
| 300 |
_a428 páginas ; _c21 cm. |
||
| 336 |
_atexto _btxt _2rdacontent |
||
| 337 |
_asin mediación _bn _2rdamedia |
||
| 338 |
_avolumen _bnc _2rdacarrier |
||
| 490 | _aColección Códigos Dominicanos | ||
| 500 | _aCon las modificaciones y cambios introducidos por las leyes 834, 845, 38-98, 491-08, 86-11, 489-08, 25-91, 50-00, 141-02, 3726, 821 y 13-07, entre otros. | ||
| 590 | _aInventariado, 2025/BT | ||
| 700 | 1 |
_aOrtiz, Sergio, _eedición _4ed. _987037 |
|
| 910 | _aBtavárez | ||
| 942 |
_2ddc _cLBS1 |
||
| 999 |
_c58203 _d58203 |
||